10 años de impulso al desarrollo = 10 years of promoting development /
| Autor kompanije: | |
|---|---|
| Format: | Knjiga |
| Jezik: | španjolski |
| Izdano: |
Costa Rica :
Fundación CRUSA,
2006
|
| Teme: |
MARC
| LEADER | 00000nam a2200000Ia 4500 | ||
|---|---|---|---|
| 008 | 180925b2006 cr ||||| |||| 00| | spa d | ||
| 999 | |c 2457 |d 2457 | ||
| 090 | |a CD #178 | ||
| 110 | 1 | |a Fundación Costa Rica - Estados Unidos de América para la cooperación (CRUSA) |9 4313 | |
| 245 | 1 | 3 | |a 10 años de impulso al desarrollo = 10 years of promoting development / |c Fundación CRUSA |
| 260 | |a Costa Rica : |b Fundación CRUSA, |c 2006 | ||
| 300 | |a disco compacto; |b archivo Pdf | ||
| 610 | 0 | |9 4684 |a FUNDACIÓN CRUSA | |
| 650 | 1 | 4 | |a HISTORIA |9 22 |
| 942 | |i 003060 |h CD #178 |2 z |c 08 | ||
